000 00889nam a2200253Ia 4500
003 OSt
005 20221005113406.0
006 a|||||r|||| 00| 0
007 ta
008 221004b |||||||| |||| 00| 0 pan d
020 _a8178834502 (hbk)
_c100
024 _a11626
037 _b837, 20/03/2014, H.K. Prakashan
_cTextual
040 _aCRL
_cCRL
_bpan
041 _2pan
_apan
082 _aO153,2NAU,AY, P8
100 _aਐਲਖ, ਅਜਮੇਰ ਸਿੰਘ
245 0 _aਅਵੇਸਲੇ ਯੁੱਧਾਂ ਦੀ ਨਾਇਕਾ
260 _aਲੁਧਿਆਣਾ
_bਚੇਤਨਾ ਪ੍ਰਕਾFਨ ਭਾਰਤ
_c2008
300 _a80ਪੰ
_ccm.
650 _aਪੰਜਾਬੀ ਸਾਹਿਤ
942 _hO153,2NAU,AY, P8
_cTEXL
_2cc
999 _c1028028
_d1028028